Normal view MARC view
  • Battut, Eric,

Entry Nombre Personal

Number of records used in: 6

001 - NUMERO DE CONTROL

  • campo de control: 33319

003 - IDENTIFICADOR DE NUMERO DE CONTROL

  • campo de control: UPN

005 - FECHA Y HORA DE LA ÜLTIMA TRANSACCIÓN

  • campo de control: 20210219194441.0

008 - DATOS DE LONGITUD FIJA

  • campo de control de longitud fija: nabaccnnaabn|||||||||| b |nc|||||d

035 ## - NUMERO DE CONTROL

  • Número de control: UPN11000005426

040 ## - FUENTE DE CATALOGACIÓN

  • Lenguaje de catalogación: SPA
  • Agencia de transcripción: UPN

100 1# - ENCABEZAMIENTO - NOMBRE PERSONAL

  • Nombre personal: Battut, Eric,
  • Fechas asociadas con el nombre: 1968-

670 ## - FUENTE EN LA QUE SE LOCALIZARON DATOS

  • Uniform Resource Identifier: http://www.bienvenidosalafiesta.com/index.php?mod=Indices&acc=Inicio&acc2=Autores&autId=00000001XQ&autLetra=b&autPais=

680 ## - NOTA PUBLICA DE ACCESO PÚBLICO

  • Frase explicativa de la referencia: Ilustrador francés

902 ## - CATALOGADOR

  • Catalogador: EMR/130313